000 00620nam a2200157 a 4500
001 000045037
005 20201002045825.0
008 110406s1996 dr 000 0 spa d
040 _aDO-SdBNP
_bspa
_cBNPHU
082 _axxx
_bR426c
110 1 _aRepública Dominicana
_bInstituto dominicano de seguros sociales
_916499
240 1 0 _a[Leyes, Etc.]
245 1 0 _aReglamento :
_bpara la aplicación del plan de retiro y asistencia social de los funcionarios y empleados del instituto dominicano de seguros sociales.
260 _aSanto Domingo :
_bInstituto dominicano de seguros sociales,
_c1996.
300 _a20 p ;
_c21 cm.
999 _c44526
_d44526